Westernmost Capital Cities - Statistics

General Stats
  • This quiz has been taken 1,554 times
    1,405 since last reset
  • The average score is 14 of 20
Answer Stats
° W capital % Correct
99.13 Mexico City
89%
70.67 Santiago
83%
77.04 Washington
83%
77.05 Lima
81%
75.70 Ottawa
80%
79.52 Panama City
78%
78.52 Quito
78%
74.08 Bogotá
77%
90.52 Guatemala City
73%
82.37 Havana
70%
89.19 San Salvador
70%
84.08 San Jose
67%
76.79 Kingston
65%
86.25 Managua
62%
87.22 Tegucigalpa
61%
88.77 Belmopan
60%
72.34 Port-au-Prince
57%
77.35 Nassau
49%
171.77 Apia
39%
175.20 Nuku'alofa
30%
No matching quizzes found
Score Distribution
Percent of People with Each Score
Percentile by Number Answered
Your Score History
You have not taken this quiz since the last reset